| 000 | 00726nam a2200253 a 4500 | ||
|---|---|---|---|
| 999 |
_c492 _d492 |
||
| 001 | 12667001 | ||
| 003 | OCoLC | ||
| 005 | 20180818110932.0 | ||
| 008 | 850327s1985 oru b 000 0 eng | ||
| 010 | _a85061075 | ||
| 020 | _a0890814910 (pbk.) | ||
| 040 |
_aDLC _cDLC _dBSC |
||
| 082 |
_a231.6 _bM478F |
||
| 092 |
_a231.6 _bM128f |
||
| 100 | 1 | _aMcClung, Floyd. | |
| 245 | 1 | 4 |
_aThe father heart of God : _bGod loves you, learn to know his compassionate touch / _cFloyd McClung, Jr. |
| 260 |
_aEugene, Or. : _bHarvest House Publishers, _cc1985. |
||
| 300 |
_a140 , [1] p. ; _c21 cm. |
||
| 500 | _aBibliography: p. [141]. | ||
| 650 | 0 |
_aGod _xFatherhood. |
|
| 650 | 0 |
_aGod _xLove. |
|
| 650 | 0 | _aConsolation. | |
| 942 |
_2ddc _cBK |
||